| 000 | 01357nam a22001577a 4500 | ||
|---|---|---|---|
| 999 |
_c514586 _d514586 |
||
| 008 | 201120b ||||| |||| 00| 0 eng d | ||
| 100 |
_aBoussebaa, Mehdi. _921160 |
||
| 245 | _aIn the shadow of empire: Global Britain and the UK business school | ||
| 260 | _aOrganization | ||
| 300 | _a27(3), May, 2020: p.483-493 | ||
| 520 | _aIn this essay, I scrutinize the ‘Global Britain’ project championed by the UK government since the Brexit vote and reflect on the role played by business schools in it. My argument is twofold. First, I contend the project is bound up with British imperialism, being at once the expression of a melancholic attachment to the colonial Empire of yesteryear and part of a long-standing effort to renew Britain’s imperial greatness in the so-called ‘postcolonial’ era. Second, I maintain that business schools, while notionally anti-Brexit, are complicit in the Global Britain project by virtue of propagating elements of its imperialist discourse. I conclude with some reflections on our role as scholars and educators in fostering debate on this project and challenging its imperialist underbelly. – Reproduced | ||
| 650 |
_aBrexit, Free trade, Global Britain, Globalization, Imperialism, Postcolonial melancholia _919350 |
||
| 773 | _aOrganization | ||
| 906 | _aEUROPEAN UNION - GREAT BRITAIN | ||
| 942 | _cAR | ||